Name a Valid U.S. State A-Z - Statistics

General Stats
  • This quiz has been taken 90 times
  • The average score is 18 of 19
Answer Stats
Starting Letter Answer % Correct
A Alabama / Alaska / Arizona / Arkansas
100%
C California / Colorado / Connecticut
100%
I Idaho / Illinois / Indiana / Iowa
100%
N Nebraska / Nevada / New Hampshire / New Jersey / New Mexico / New York / North Carolina / North Dakota
100%
W Washington / West Virginia / Wisconsin / Wyoming
100%
M Maine / Maryland / Massachusetts / Michigan / Minnesota / Mississippi / Missouri / Montana
99%
O Ohio / Oklahoma / Oregon
99%
D Delaware
98%
U Utah
98%
V Vermont / Virginia
98%
T Tennessee / Texas
96%
F Florida
95%
H Hawaii
94%
K Kansas / Kentucky
94%
L Louisiana
94%
P Pennsylvania
94%
G Georgia
93%
R Rhode Island
90%
S South Carolina / South Dakota
89%
No matching quizzes found
Score Distribution
Percent of People with Each Score
Percentile by Number Answered
Your Score History
You have not taken this quiz